LIBRARY & INFORMATION CENTRE, KCAET, TAVANUR

ONLINE PUBLIC ACCESS CATALOGUE (OPAC)

Soil and plant analysis for tree culture / (Record no. 2315)

MARC details
000 -LEADER
fixed length control field 00574cam a2200229ua 4500
020 ## - INTERNATIONAL STANDARD BOOK NUMBER
ISBN 81-204-0069-0
041 ## - LANGUAGE CODE
Language code of text/sound track or separate title eng
082 ## - DEWEY DECIMAL CLASSIFICATION NUMBER
Classification number 631.4
Item number WIL/SO
100 ## - MAIN ENTRY--AUTHOR NAME
Personal name Wilde, S.A .
245 ## - TITLE STATEMENT
Title Soil and plant analysis for tree culture /
250 ## - EDITION STATEMENT
Edition statement 5 /
260 ## - PUBLICATION, DISTRIBUTION, ETC. (IMPRINT)
Place of publication :
Name of publisher Oxford & IBH Publishing company ,
Year of publication 1985.
300 ## - PHYSICAL DESCRIPTION
Number of Pages 224 ; .
700 1# - ADDED ENTRY--PERSONAL NAME
Personal name Corey , R.B .
700 1# - ADDED ENTRY--PERSONAL NAME
Personal name Iyer, J.G .
700 1# - ADDED ENTRY--PERSONAL NAME
Personal name Voigt, G.K .
942 ## - ADDED ENTRY ELEMENTS (KOHA)
Koha item type Books
Holdings
Withdrawn status Lost status Damaged status Home library Current library Date acquired Full call number Accession Number Koha item type
      KAUAET KAUAET 28/03/1987 631.458 WIL/SO 16312 Books
      KAUAET KAUAET 07/04/2012 631.458 WIL/SO 14659 Books
      KAUAET KAUAET 07/04/2012 631.458 WIL/SO 14680 Books
free website counter